000 01067cam a22001814a 4500
999 _c5467
_d5467
020 _a9780205519408
020 _a0205519407
050 0 0 _aQP360
_b.C18
100 1 _aCarlson, Neil R.,
245 1 0 _aFoundations of physiological psychology /
_cNeil R. Carlson.
250 _a7th ed.
260 _aBoston :
_bPearson/A and B,
_cc2008.
300 _axviii, 574 p. :
_bill. (some col.) ;
_c29 cm.
500 _aIncludes bibliographical references and index
505 _aIntroduction -- Structure and functions of cells of the nervous system -- Structure of the nervous system -- Psychopharmacology -- Methods and strategies of research -- Vision -- Audition, the body senses, and the chemical senses -- Sleep and biological rhythms -- Reproductive behavior -- Emotion -- Ingestive behavior -- Learning and memory -- Human communication -- Neurological disorders -- Schizophrenia, affective disorders, and anxiety disorders -- Autistic, attention-deficit/hyperactivity, stress, and substance abuse disorders.
650 0 _aPsychophysiology.
942 _cBK